000 00273nam a2200109Ia 4500
005 20251222154336.0
008 251222s9999||||xx |||||||||||||| ||spa||
082 _a868.9/M26E
100 _a"Maragall, Joan"
245 0 _aElogio de la palabra y otros artículos
942 _cLIB
999 _c34330
_d34330